| 000 | 00488nam a2200193 a 4500 | ||
|---|---|---|---|
| 001 | 1771335785333 | ||
| 003 | YourLibrary | ||
| 005 | 20260220132757.0 | ||
| 008 | 260217s1996##################000#0#eng## | ||
| 020 | _a9780521461306 | ||
| 082 | 0 | 4 |
_a320.01 _bALK |
| 100 | 1 |
_aAlker, Hayward R., _eauthor. |
|
| 245 | 1 | 0 | _aRediscoveries and Reformulations : |
| 260 | _c1996. | ||
| 300 | _a492 pages | ||
| 650 | 0 | _aPhilosophy. | |
| 942 | _cENGLISH | ||
| 040 |
_aYourLibrary _beng _cYourLibrary |
||
| 999 |
_c614225 _d614225 |
||